ARRUPE JESUIT UNIVERSITY

CORONAVIRUS -STOP THE SPREAD - CLEAN,DISINFECT,COVER

The territories of science and religion / (Record no. 126817)

MARC details
000 -LEADER
fixed length control field 01392cam a2200325 i 4500
001 - CONTROL NUMBER
control field 18134927
003 - CONTROL NUMBER IDENTIFIER
control field ARRUPE
005 - DATE AND TIME OF LATEST TRANSACTION
control field 20170829113236.0
008 - FIXED-LENGTH DATA ELEMENTS--GENERAL INFORMATION
fixed length control field 140429s2015 ilua b 001 0 eng c
010 ## - LIBRARY OF CONGRESS CONTROL NUMBER
LC control number 2014016857
020 ## - INTERNATIONAL STANDARD BOOK NUMBER
International Standard Book Number 9780226184487 (cloth : alk. paper)
020 ## - INTERNATIONAL STANDARD BOOK NUMBER
Cancelled/invalid ISBN 9780226184517 (e-book)
040 ## - CATALOGING SOURCE
Original cataloging agency ICU/DLC
Language of cataloging eng
Transcribing agency ICU
Description conventions rda
Modifying agency DLC
042 ## - AUTHENTICATION CODE
Authentication code pcc
050 00 - LIBRARY OF CONGRESS CALL NUMBER
Classification number BL240.3
Item number .H365 2015
082 00 - DEWEY DECIMAL CLASSIFICATION NUMBER
Classification number 201/.65
Edition number 23
300 ## - PHYSICAL DESCRIPTION
Dimensions 24 cm
100 1# - MAIN ENTRY--PERSONAL NAME
Personal name Harrison, Peter,
Dates associated with a name 1955-
Relator term author.
9 (RLIN) 35345
245 14 - TITLE STATEMENT
Title The territories of science and religion /
Statement of responsibility, etc Peter Harrison.
260 ## - PUBLICATION, DISTRIBUTION, ETC. (IMPRINT)
Place of publication, distribution, etc Chicago
Name of publisher, distributor, etc The University of Chicago Press
Date of publication, distribution, etc 2015
300 ## - PHYSICAL DESCRIPTION
Extent xiii, 300 p. :
504 ## - BIBLIOGRAPHY, ETC. NOTE
Bibliography, etc Includes bibliographical references (page 255-285) and index.
505 0# - FORMATTED CONTENTS NOTE
Formatted contents note The territories of science and religion -- The cosmos and the religious quest -- Signs and causes -- Science and the origins of "religion" -- Utility and progress -- Professing science.
650 #0 - SUBJECT ADDED ENTRY--TOPICAL TERM
Topical term or geographic name as entry element Religion and science.
9 (RLIN) 35346
650 #0 - SUBJECT ADDED ENTRY--TOPICAL TERM
Topical term or geographic name as entry element Science
General subdivision History.
9 (RLIN) 35347
906 ## - LOCAL DATA ELEMENT F, LDF (RLIN)
a 7
b cbc
c orignew
d 1
e ecip
f 20
g y-gencatlg
942 ## - ADDED ENTRY ELEMENTS (KOHA)
Source of classification or shelving scheme Library of Congress Classification
Koha item type Monograph ( Printed materials)
Holdings
Withdrawn status Lost status Source of classification or shelving scheme Damaged status Not for loan Collection code Home library Current library Shelving location Date acquired Total Checkouts Full call number Barcode Date last seen Price effective from Koha item type
    Library of Congress Classification     Main Collection ARRUPE LIBRARY ARRUPE LIBRARY Main Collection 29/08/2017   BL240.3 .H365 2015 46500022290 29/08/2017 29/08/2017 Monograph ( Printed materials)

 

Arrupe Library. PO Box MP320 Mt Pleasant, Harare, Zimbabwe
263 242 745411|librarian@aju.ac.zw